Mexicanos famosos por imagen - Estadísticas

Estadísticas generales
  • Esta prueba ha sido intentada 499 veces
  • La puntuación promedio es 9 de 20
Estadísticas de respuestas
Imagen Respuesta % Correcto
Frida Kahlo
97%
Peso Pluma
81%
Salma Hayek
70%
Cantinflas
59%
Sergio Pérez
58%
Guillermo del Toro
57%
Hugo Sánchez
57%
Thalía
43%
Diego Rivera
40%
Emiliano Zapata
39%
Benito Juárez
37%
Porfirio Díaz
34%
Vicente Fox
34%
Diego Luna
33%
Pedro Infante
29%
Carlos Slim
28%
Carlos Santana
23%
Juan Diego
21%
Eiza González
20%
Octavio Paz
17%
No se encontraron pruebas coincidentes
Distribución de puntuación
Porcentaje de gente con cada puntuación
Porcentaje por número respondido
Historial de tus puntuaciones
No has intentado esta prueba.